Our Christmas story, (Record no. 2579)

MARC details
000 -LEADER
fixed length control field 00868nam a2200277I 4500
001 - CONTROL NUMBER
control field 25324
003 - CONTROL NUMBER IDENTIFIER
control field GBCCL
005 - DATE AND TIME OF LATEST TRANSACTION
control field 20241126110432.0
008 - FIXED-LENGTH DATA ELEMENTS--GENERAL INFORMATION
fixed length control field 760206s1973 xx 000 0 eng u
010 ## -
-- 73084958
035 ## - SYSTEM CONTROL NUMBER
System control number (OCoLC)01971409
040 ## - CATALOGING SOURCE
Transcribing agency LIM
049 ## -
-- LBBK
-- 1-2
082 ## - DEWEY DECIMAL CLASSIFICATION NUMBER
Classification number 220.9505
Item number GRA
092 ## - LOCALLY ASSIGNED DEWEY CALL NUMBER (OCLC)
Classification number 220.9505
Item number G738
100 1# - MAIN ENTRY--PERSONAL NAME
Personal name Graham, Ruth Bell.
9 (RLIN) 4564
245 10 - TITLE STATEMENT
Title Our Christmas story,
Statement of responsibility, etc. by Mrs. Billy Graham as told to Elizabeth Sherrill. Illustrations by David Koechel.
260 ## - PUBLICATION, DISTRIBUTION, ETC.
Place of publication, distribution, etc. Minneapolis, Minn.,
Name of publisher, distributor, etc. World Wide Publications
Date of publication, distribution, etc. [1973, c1959]
300 ## - PHYSICAL DESCRIPTION
Extent 157p.
Other physical details illus., music
Dimensions 20 cm.
500 ## - GENERAL NOTE
General note [with special Christmas carol section]
650 #0 - SUBJECT ADDED ENTRY--TOPICAL TERM
Topical term or geographic name entry element Bible stories, English.
9 (RLIN) 1346
650 #0 - SUBJECT ADDED ENTRY--TOPICAL TERM
Topical term or geographic name entry element Bible stories.
9 (RLIN) 1916
650 #0 - SUBJECT ADDED ENTRY--TOPICAL TERM
Topical term or geographic name entry element Christmas stories.
9 (RLIN) 5409
700 10 - ADDED ENTRY--PERSONAL NAME
Personal name Sherrill, Elizabeth.
9 (RLIN) 3180
942 ## - ADDED ENTRY ELEMENTS (KOHA)
Source of classification or shelving scheme Dewey Decimal Classification
Koha item type Books
Holdings
Withdrawn status Lost status Source of classification or shelving scheme Damaged status Not for loan Home library Current Library Shelving location Date acquired Total checkouts Full call number Barcode Date last seen Copy number Price effective from Koha item type
    Dewey Decimal Classification     GRACE BIBLE COLLEGE GRACE BIBLE COLLEGE Biblical Studies 2017-08-25   220.9505 GRA 009366 2025-05-01 c.2 2017-08-25 Books
    Dewey Decimal Classification     GRACE BIBLE COLLEGE GRACE BIBLE COLLEGE Biblical Studies 2017-08-25   220.9505 GRA 009365 2025-05-01 c.1 2017-08-25 Books
© Grace Bible College Library 2025